| 000 | 00378cam a22001097a 4500 | ||
|---|---|---|---|
| 008 | 180718b-- xxu||||| |||| 00| 0 eng d | ||
| 082 | _aT000x54521 9 | ||
| 245 |
_aFive year plan, Pondicherry _cby Planning and Research Department, Pondicherry |
||
| 260 |
_aPondicherry _bThe author _c-- |
||
| 500 | _aLibrary has 9, 10 (Draft) | ||
| 700 | _aPondicherry. Planning and Research Department | ||
| 999 |
_c476003 _d476003 |
||